000 004190000a22001690004500
003 LK-CoMWRAF
008 230817t ||||| |||| 00| 0 eng d
040 _aLK-CoMWRAF
_dLK-CoMWRAF
_eLK-CoMWRAF
041 _aeng
082 _a340
_bFEM
245 _aFeminist concepts part III
_b
260 _aBombay
_bRCWS
300 _ap.26
490 _aContribution to women studies series-7
650 _aFEMINISM
942 _cBK
999 _c2125
_d2125